000 02410cam a22005054a 4500
001 14454812
003 OSt
005 20210416054357.0
008 060714s2006 nyua b 001 0 eng c
010 _a 2006023279
015 _aGBA674831
_2bnb
016 7 _a013541958
_2Uk
020 _a0801443466 (cloth : alk. paper)
020 _a0801473527 (pbk. : alk. paper)
020 _a9780801443466
020 _a9780801473524
035 _a(OCoLC)ocm70668731
035 _a(OCoLC)70668731
040 _aNIC/DLC
_cDLC
_dBAKER
_dUKM
_dC#P
_dYDX
_dCOO
_dYDXCP
_dVLY
_dIXA
_dGZM
_dUBY
_dDLC
042 _apcc
043 _ae-ru---
050 0 0 _aJN6695.A55
_bC639 2006
080 _a94
_bL-46
082 0 0 _a320.947
_222
100 1 _aLedeneva, Alena V.,
_d1964-
245 1 0 _aHow Russia really works :
_bthe informal practices that shaped post-Soviet politics and business /
_cAlena V. Ledeneva.
260 _aIthaca :
_bCornell University Press,
_c2006.
300 _axii, 270 p. :
_bill. ;
_c25 cm.
365 _b22.95 usd
440 0 _aCulture and society after socialism
504 _aIncludes bibliographical references (p. [241]-261) and index.
505 0 _aWhy are informal practices still prevalent in Russia? -- Chernyi piar : manipulative campaigning and the workings of Russian democracy -- Kompromat : the use of compromising information in informal politics -- Krugovaia poruka : sustaining the ties of joint responsibility -- Tenevoi barter : shadow barter, barter chains, and nonmonetary markets -- Dvoinaia bukhgalteriia : double accountancy and financial scheming -- Post-Soviet tolkachi : alternative enforcement and the use of law.
650 0 _aPolitical corruption
_zRussia (Federation)
650 0 _aPolitical culture
_zRussia (Federation)
650 0 _aCorporations
_xCorrupt practices
_zRussia (Federation)
650 0 _aCorporate culture
_zRussia (Federation)
650 0 _aSocial networks
_zRussia (Federation)
650 0 _aBusiness networks
_zRussia (Federation)
651 0 _aRussia (Federation)
_xPolitics and government
_y1991-
651 0 _aRussia (Federation)
_xEconomic conditions
_y1991-
856 4 1 _3Table of contents only
_uhttp://www.loc.gov/catdir/toc/ecip0617/2006023279.html
906 _a7
_bcbc
_corignew
_d1
_eecip
_f20
_gy-gencatlg
942 _2udc
_cBK
999 _c127
_d127